000
00290nam a2200121Ia 4500
005
20251222154403.0
008
251222s9999||||xx |||||||||||||| ||spa||
082
_a
711.985/J66
100
_a
Gabriel Ramón Joffré
245
0
_a
La Muralla y los Callejones
264
_b
Sidea
942
_c
LIB
999
_c
35372
_d
35372